000
00270nam a2200109Ia 4500
008
210430s9999 xx 000 0 und d
082
_a
5714.64 P733P
245
_a
Principles And Models Of Semiconductor Devices
260
_c
1990
300
_a
497p.
942
_c
BK
_2
ddc
999
_c
565564
_d
565564